000 01213nam a22002175i 4500
001 161237
003 ES-MaACL
005 20230906212229.0
008 940301s1867 sp |||| | spa d
080 _a34.096 Page, Luis
080 _a34.096 Sociedad Madrileña para el Alumbrado de Gas
100 1 _aPage, Luis.
_9130768
245 1 0 _aAlegación en derecho en los autos seguidos por don Luis Page con don Gregorio López Mollinedo, y por su fallecimiento, con su señora viuda y herederos, y la Sociedad del Crédito Moviliario Español, sobre nulidad del remate de la fábrica, privilegio exclusivo, y todas las pertenencias de la primitiva Compañía Madrileña para el Alumbrado de Gas en Madrid.
260 _aMadrid :
_b[s.n.],
_c1867 (
_fImp. y Estereotipia de M.. Rivadeneyra)
300 _a128 p. ;
_c32 cm.
600 1 4 _aPage, Luis-
_xProcesos.
_9174827
610 2 4 _aSociedad Madrileña para el Alumbrado de Gas.
_9174825
610 2 4 _aSociedad General de Crédito Mobiliario Español.
_9164321
700 1 _aLópez Mollinedo, Gregorio.
_9129211
852 4 _aES-MaACL
_jT-99-F-5
_z- Enc. hol., dalto de cub. original
_z- Enc. en un vol. facticio
_z- Dedicatoria autógrafa de Luis Page
999 _c161237
_d161237